Statistiken für Flächenmässig grösste Gemeinden im Kanton Solothurn

Klicken Sie hier um das Quiz zu spielen!

Allgemein

  • Dieses Quiz wurde 18 mal gespielt
  • Das Durchschnittsergebnis liegt bei 5 aus 12

Antwortstatistiken

Fläche km²BezirkGemeinde% Korrekt
26.03LebernGrenchen
69%
35.48ThalMümliswil-Ramiswil
69%
15.71ThalBalsthal
62%
22.66ThiersteinBeinwil (SO)
54%
24.46ThalWelschenrohr-Gänsbrunnen
46%
22.59BucheggbergBuchegg
38%
15.50ThalLaupersdorf
38%
16.31DorneckSeewen
38%
16.30ThalHerbetswil
31%
19.47LebernSelzach
31%
13.94OltenHägendorf
23%
16.32ThiersteinKleinlützel
23%

Verteilung der Resultate

Perzentil nach korrekt beantworteten Fragen

Anzahl Personen mit jedem Resultat

Ihre Resultats-Entwicklung

Sie haben dieses Quiz noch nicht gespielt